• 首页
  • 本馆介绍
  • 公告通知
  • 最新文献
  • 馆藏检索
  • 电子资源
  • 读者导购
  • 参考咨询
  • 我的图书馆
  • 登录
  • 详细信息显示
  • 放入我的书架
  • 预约/预借图书
  • 作者相关作品
  • 分类相关作品
  • 丛书相关作品
  • 出版社相关作品

书目信息

  • 表格格式
  • 工作单格式
  • 卡片格式
题名:
城市的精神
    
 
作者: 贝淡宁 , 艾维纳 著 ;吴万伟 译
分册: Ⅰ   全球化时代,城市何以安顿我们
出版信息: 重庆   重庆出版社  2018.01
页数: 377页
开本: 23cm
丛书名:
单 册:
中图分类: C912.81
科图分类:
主题词: 城市社会学--研究--世界
电子资源:
ISBN: 978-7-229-12810-4
000 01423nam0 2200289 450
001 0120172355992
005 20180905154216.10
010    @a978-7-229-12810-4@dCNY55.00
100    @a20180108d2018 em y0chiy50 ea
101 1  @achi@ceng@cheb
102    @aCN@b500000
105    @aa z 000yy
106    @ar
200 1  @a城市的精神@9cheng shi de jing shen@hⅠ@i全球化时代,城市何以安顿我们@dThe spirit of cities@hⅠ@iWhy the identity of a city matters in a global age@f(加)贝淡宁(Daniel A. Bell),(以)艾维纳(Avner De Shalit)著@g吴万伟译@zeng
205    @a修订本
210    @a重庆@c重庆出版社@d2018.01
215    @a377页@c图@d23cm
330    @a在本书中,两位哲学家用街头漫步和聊天的方式考察了世界最具吸引力的九大城市:耶路撒冷、蒙特利尔、新加坡、香港、北京、巴黎、牛津、柏林、纽约,不仅描绘了每个城市丰富多彩的历史,还从小说、诗歌、传记、旅游指南、建筑标记及作者的亲身经历等多种素材中撷取资料论证其观点,他们试图深入城市被遮蔽的内核,探寻凝聚理智与情感、光荣和梦想的真正精神。
333    @a城市社会学相关研究人员
510 1  @aSpirit of cities@hⅠ@iWhy the identity of a city matters in a global age@zeng
606 0  @a城市社会学@x研究@y世界
690    @aC912.81@v5
701  0 @c(加)@a贝淡宁@9bei dan ning@c(Bell, Daniel A.)@4著
701  0 @c(以)@a艾维纳@9ai wei na@c(Shalit, Avner De)@4著
702  0 @a吴万伟@9wu wan wei@4译
801  0 @aCN@b人天书店@c20180108
905    @b1091046-50@dC912.81@e1349:1=2@f5
    
    城市的精神.Ⅰ.全球化时代,城市何以安顿我们=The spirit of cities.Ⅰ.Why the identity of a city matters in a global age/(加)贝淡宁(Daniel A. Bell),(以)艾维纳(Avner De Shalit)著/吴万伟译.-修订本.-重庆:重庆出版社,2018.01
    377页:图;23cm
    使用对象:城市社会学相关研究人员
    
    ISBN 978-7-229-12810-4:CNY55.00
    在本书中,两位哲学家用街头漫步和聊天的方式考察了世界最具吸引力的九大城市:耶路撒冷、蒙特利尔、新加坡、香港、北京、巴黎、牛津、柏林、纽约,不仅描绘了每个城市丰富多彩的历史,还从小说、诗歌、传记、旅游指南、建筑标记及作者的亲身经历等多种素材中撷取资料论证其观点,他们试图深入城市被遮蔽的内核,探寻凝聚理智与情感、光荣和梦想的真正精神。
●
相关链接 在E读中查询图书 在五车中查询图书 在当当中查询图书 在豆瓣中查询图书


正题名:城市的精神     索取号:C912.81/1349:1=2         预约/预借

序号 登录号 条形码 馆藏地/架位号 状态 备注
1 1091046   210910460   第一样本阅览室/ [索取号:C912.81/1349:1=2] 在馆    
2 1091047   210910479   教育系资料室/ [索取号:C912.81/1349:1=2] 在馆    
3 1091048   210910488   教育系资料室/ [索取号:C912.81/1349:1=2] 在馆    
4 1091049   210910497   第一借阅区/ [索取号:C912.81/1349:1=2] 在馆    
5 1091050   210910503   第一借阅区/ [索取号:C912.81/1349:1=2] 在馆    
唐山师范学院图书馆 欢迎您!
大连网信软件有限公司© 版权所有